[Event "BCF-ch 78th"]
[Site "Eastbourne"]
[Date "1991.??.??"]
[Round "6"]
[White "Arkell, Keith C"]
[Black "Jones, Andrew P"]
[Result "1-0"]
[WhiteElo "2450"]
[BlackElo "2250"]
[PlyCount "65"]
[EventDate "1991.07.??"]
[EventType "swiss"]
[EventRounds "11"]
[EventCountry "ENG"]
[SourceTitle "EXT 1997"]
[Source "ChessBase"]
[SourceDate "1996.11.15"]
[SourceVersion "1"]
[SourceVersionDate "1996.11.15"]
[SourceQuality "1"]

1. d4 d5 2. c4 c6 3. Nf3 Nf6 4. Nc3 dxc4 5. a4 Bf5 6. Nh4 Be6 7. e4 Na6 8. Nf3 h6 9. Ne5 g6 10. Nxc4 Bg7 11. Be2 0-0 12. 0-0 Nb4 13. a5 Bxc4 14. Bxc4 b5 15. axb6 axb6 16. Rxa8 Qxa8 17. Qb3 c5 18. e5 Ne8 19. dxc5 bxc5 20. Na4 Nc6 21. e6 fxe6 22. Nxc5 Nd4 23. Qd3 Qc6 24. b4 Kh7 25. Be3 e5 26. Bxd4 exd4 27. Ne6 Rf5 28. Nxg7 Nxg7 29. Qxd4 Rg5 30. g3 Nf5 31. Qd3 Nh4 32. f3 Rg4 33. Ba2 1-0

[Event "Olympiad-29"]
[Site "Novi Sad"]
[Date "1990.11.23"]
[Round "6"]
[White "Jones, Andrew P"]
[Black "Garcia, Gildardo"]
[Result "0-1"]
[WhiteElo "2245"]
[BlackElo "2445"]
[PlyCount "80"]
[EventDate "1990.11.17"]
[EventType "team-swiss"]
[EventRounds "14"]
[EventCountry "YUG"]
[SourceTitle "EXT 2019"]
[Source "ChessBase"]
[SourceDate "2018.10.10"]
[SourceVersion "1"]
[SourceVersionDate "2018.10.10"]
[SourceQuality "1"]
[WhiteTeam "Wales"]
[BlackTeam "Colombia"]
[WhiteTeamCountry "WLS"]
[BlackTeamCountry "COL"]

1. e4 e5 2. Nf3 Nc6 3. Bc4 Nf6 4. d3 Bc5 5. c3 a6 6. 0-0 Ba7 7. Be3 d6 8. Bxa7 Rxa7 9. a4 0-0 10. Re1 Ra8 11. Nbd2 Ne7 12. Bb3 Ng6 13. d4 Bg4 14. h3 Bd7 15. Nf1 h6 16. Ng3 Re8 17. Qd2 Bc6 18. Bc2 b6 19. Rad1 exd4 20. Nxd4 Bb7 21. Ndf5 Re6 22. f4 Qf8 23. Re2 Ree8 24. Rde1 Rad8 25. Qc1 Ne7 26. e5 Nxf5 27. Nxf5 dxe5 28. fxe5 Nd5 29. Bb1 Bc8 30. Ng3 b5 31. axb5 axb5 32. Kh2 Qe7 33. Qc2 g6 34. Rf1 Qg5 35. Qe4 h5 36. Qf3 Be6 37. Kh1 Kg7 38. Be4 h4 39. Bxd5 Bxd5 40. Ne4 Qxe5 0-1

[Event "Olympiad-29"]
[Site "Novi Sad"]
[Date "1990.11.17"]
[Round "1"]
[White "Jones, Andrew P"]
[Black "Galego, Luis"]
[Result "1/2-1/2"]
[WhiteElo "2245"]
[BlackElo "2360"]
[PlyCount "89"]
[EventDate "1990.11.17"]
[EventType "team-swiss"]
[EventRounds "14"]
[EventCountry "YUG"]
[SourceTitle "EXT 2019"]
[Source "ChessBase"]
[SourceDate "2018.10.10"]
[SourceVersion "1"]
[SourceVersionDate "2018.10.10"]
[SourceQuality "1"]
[WhiteTeam "Wales"]
[BlackTeam "Portugal"]
[WhiteTeamCountry "WLS"]
[BlackTeamCountry "POR"]

1. e4 c5 2. Nf3 d6 3. d4 cxd4 4. Nxd4 Nf6 5. Nc3 a6 6. Be2 e6 7. 0-0 Be7 8. f4 0-0 9. a4 Qc7 10. Kh1 Bd7 11. Bf3 Nc6 12. Nb3 Nb4 13. Be3 Bc6 14. a5 Rac8 15. Rf2 d5 16. e5 Ne4 17. Bxe4 dxe4 18. Bb6 Qb8 19. Nd2 Bh4 20. Re2 Nd5 21. Nxd5 exd5 22. c4 dxc4 23. Nxe4 Bxe4 24. Rxe4 Bd8 25. Bd4 f5 26. Re3 Qc7 27. Qf3 Qc6 28. Qg3 Qe6 29. Bc3 Be7 30. Qf3 Rc7 31. Rd1 Rd8 32. Ree1 Rcd7 33. Rxd7 Rxd7 34. Rd1 Bc5 35. h3 g6 36. Kh2 Kf7 37. Qe2 Rd5 38. Qf3 Rd7 39. Qe2 Ke8 40. Rxd7 Kxd7 41. Qd2+ Kc7 42. Bb4 Bxb4 43. Qxb4 h6 44. Qc5+ Kd7 45. Qd4+ 1/2-1/2

[Event "BCF-ch 77th"]
[Site "Eastbourne"]
[Date "1990.??.??"]
[Round "?"]
[White "Jones, Andrew P"]
[Black "Hawksworth, John C"]
[Result "1-0"]
[WhiteElo "2245"]
[BlackElo "2370"]
[PlyCount "71"]
[EventDate "1990.07.??"]
[EventType "swiss"]
[EventRounds "11"]
[EventCountry "ENG"]
[SourceTitle "EXT 2000"]
[Source "ChessBase"]
[SourceDate "1999.11.16"]
[SourceVersion "1"]
[SourceVersionDate "1999.11.16"]
[SourceQuality "1"]

1. e4 e5 2. Nf3 Nc6 3. Bc4 Bc5 4. c3 Nf6 5. d3 a6 6. 0-0 d6 7. Bb3 Ba7 8. h3 h6 9. Nbd2 Be6 10. Re1 Qd7 11. Nf1 g5 12. Be3 Bxe3 13. Nxe3 0-0-0 14. Ba4 b5 15. Bc2 Kb7 16. d4 exd4 17. Nxd4 Ne5 18. a4 Ra8 19. Qe2 c6 20. Red1 Qc7 21. Ndf5 Rad8 22. Qd2 d5 23. axb5 axb5 24. b4 Bxf5 25. Nxf5 Ra8 26. exd5 Nxd5 27. Be4 Rxa1 28. Rxa1 Rd8 29. Qa2 Qb6 30. Nd6+ Kc7 31. Bxd5 Rxd6 32. Bxf7 Rf6 33. Bh5 Nd3 34. Bf3 Ne5 35. Qe2 Nxf3+ 36. gxf3 1-0

[Event "EU-chT (Men) 09th"]
[Site "Haifa"]
[Date "1989.??.??"]
[Round "2.3"]
[White "Allen, Keith"]
[Black "Jones, Andrew P"]
[Result "1-0"]
[WhiteElo "2320"]
[BlackElo "2240"]
[PlyCount "130"]
[EventDate "1989.11.23"]
[EventType "team-swiss"]
[EventRounds "9"]
[EventCountry "ISR"]
[SourceTitle "EU-chT"]
[Source "ChessBase"]
[SourceDate "1999.07.01"]
[SourceVersion "2"]
[SourceVersionDate "1999.07.01"]
[SourceQuality "1"]
[WhiteTeam "Ireland"]
[BlackTeam "Wales"]
[WhiteTeamCountry "IRL"]
[BlackTeamCountry "WLS"]

1. d4 d5 2. c4 e6 3. Nc3 c5 4. cxd5 exd5 5. Nf3 Nc6 6. g3 Nf6 7. Bg2 Be7 8. 0-0 0-0 9. Bg5 cxd4 10. Nxd4 h6 11. Be3 Re8 12. Qb3 Na5 13. Qc2 Bg4 14. Nf5 Bb4 15. h3 Bh5 16. g4 Bg6 17. Rac1 Rc8 18. Qd3 Nc4 19. Nxd5 Nxd5 20. Bxd5 Nxe3 21. Rxc8 Qxc8 22. fxe3 Bc5 23. Rf3 Kh8 24. Kg2 Qd7 25. e4 Bxf5 26. Rxf5 f6 27. Bc4 Qe7 28. Qd5 Bb6 29. e5 fxe5 30. Rf7 Qh4 31. Qd6 Qd8 32. Qg6 Qg5 33. Qxg5 hxg5 34. Rxb7 Rf8 35. Bf7 g6 36. b4 Kg7 37. Bd5+ Kh8 38. Bf3 e4 39. Bxe4 Rf2+ 40. Kg3 Rxe2 41. Bd5 Re3+ 42. Kg2 Re2+ 43. Kg3 Re3+ 44. Kg2 Re2+ 45. Kf1 Rf2+ 46. Ke1 Rh2 47. a4 Rxh3 48. a5 Bd4 49. Kd2 Ra3 50. Be6 Be3+ 51. Kc2 Bd4 52. Bb3 Ra1 53. Kd3 Bf2 54. Rf7 Be1 55. Rf1 Kg7 56. Kc2 Kh6 57. Rh1+ Kg7 58. Rf1 Kh6 59. Bc4 Kg7 60. Rf7+ Kh8 61. Rf1 Kg7 62. a6 Kh6 63. b5 Ra4 64. Rxe1 Rxc4+ 65. Kb3 Rc7 1-0

[Event "EU-chT (Men) 09th"]
[Site "Haifa"]
[Date "1989.??.??"]
[Round "1.4"]
[White "Kuczynski, Robert"]
[Black "Jones, Andrew P"]
[Result "1-0"]
[WhiteElo "2470"]
[BlackElo "2240"]
[PlyCount "107"]
[EventDate "1989.11.23"]
[EventType "team-swiss"]
[EventRounds "9"]
[EventCountry "ISR"]
[SourceTitle "EU-chT"]
[Source "ChessBase"]
[SourceDate "1999.07.01"]
[SourceVersion "2"]
[SourceVersionDate "1999.07.01"]
[SourceQuality "1"]
[WhiteTeam "Poland"]
[BlackTeam "Wales"]
[WhiteTeamCountry "POL"]
[BlackTeamCountry "WLS"]

1. e4 c5 2. Nf3 Nc6 3. Bb5 g6 4. 0-0 Bg7 5. c3 Nf6 6. Re1 0-0 7. d4 cxd4 8. cxd4 d5 9. e5 Ne4 10. Nc3 Nxc3 11. bxc3 Qa5 12. Qb3 Bg4 13. Nd2 Rac8 14. a4 Nd8 15. Bb2 Bh6 16. Nf1 a6 17. Bd3 Ne6 18. Ne3 Bxe3 19. fxe3 Ng7 20. e4 dxe4 21. Bxe4 Be6 22. d5 Bf5 23. Bf3 Rfd8 24. c4 Qc5+ 25. Kh1 Qxc4 26. Qxb7 Re8 27. Rec1 Bc2 28. Ba3 Nf5 29. d6 Qh4 30. Qa7 exd6 31. Bxd6 Nxd6 32. exd6 Bxa4 33. Rf1 Rf8 34. Qxa6 Bd7 35. Bd5 Qd8 36. Qa2 Be8 37. Qd2 Bc6 38. Bb3 Qd7 39. Rae1 Rce8 40. Rxe8 Qxe8 41. Qf4 Qd7 42. Ba2 Qa7 43. Qd2 Qb7 44. h3 Qb5 45. Rf2 Qh5 46. Kg1 Qb5 47. Qd4 Qa4 48. Qd2 Qb5 49. h4 Bd7 50. Qd4 Bc6 51. Qf6 Be8 52. Kh2 Qc5 53. g3 Qb5 54. Be6 1-0

[Event "EU-chT (Men) 09th"]
[Site "Haifa"]
[Date "1989.??.??"]
[Round "7.4"]
[White "Schinis, Mario"]
[Black "Jones, Andrew P"]
[Result "0-1"]
[WhiteElo "2230"]
[BlackElo "2240"]
[PlyCount "82"]
[EventDate "1989.11.23"]
[EventType "team-swiss"]
[EventRounds "9"]
[EventCountry "ISR"]
[SourceTitle "EU-chT"]
[Source "ChessBase"]
[SourceDate "1999.07.01"]
[SourceVersion "2"]
[SourceVersionDate "1999.07.01"]
[SourceQuality "1"]
[WhiteTeam "Cyprus"]
[BlackTeam "Wales"]
[WhiteTeamCountry "CYP"]
[BlackTeamCountry "WLS"]

1. d4 g6 2. Nf3 Bg7 3. Bf4 d6 4. e3 Nf6 5. h3 0-0 6. Be2 c5 7. c3 Qb6 8. Qc1 Nc6 9. Nbd2 d5 10. 0-0 Bf5 11. dxc5 Qxc5 12. Nb3 Qb6 13. Nbd4 Nxd4 14. exd4 Rfc8 15. Re1 Ne4 16. g4 Be6 17. Ne5 f6 18. Nd3 f5 19. Ne5 g5 20. Bh2 f4 21. Nf3 h5 22. Bd3 hxg4 23. Bxe4 dxe4 24. Nxg5 g3 25. Rxe4 gxh2+ 26. Kxh2 Bd5 27. Re1 Qg6 28. Rg1 Rf8 29. Nf3 Qh5 30. Ne5 Rf6 31. Ng4 Rg6 32. Qd1 Qh4 33. Qe2 Kf7 34. Ne5+ Bxe5 35. Rxg6 Kxg6 36. Rg1+ Kf7 37. Rg4 f3+ 38. Qxe5 Qxf2+ 39. Kh1 Qe1+ 40. Kh2 Qxe5+ 41. dxe5 Rg8 0-1

[Event "EU-chT (Men) 09th"]
[Site "Haifa"]
[Date "1989.??.??"]
[Round "8.3"]
[White "Soylu, Suat"]
[Black "Jones, Andrew P"]
[Result "1-0"]
[WhiteElo "2330"]
[BlackElo "2240"]
[PlyCount "63"]
[EventDate "1989.11.23"]
[EventType "team-swiss"]
[EventRounds "9"]
[EventCountry "ISR"]
[SourceTitle "EU-chT"]
[Source "ChessBase"]
[SourceDate "1999.07.01"]
[SourceVersion "2"]
[SourceVersionDate "1999.07.01"]
[SourceQuality "1"]
[WhiteTeam "Turkey"]
[BlackTeam "Wales"]
[WhiteTeamCountry "TUR"]
[BlackTeamCountry "WLS"]

1. Nf3 f5 2. b3 d6 3. d4 Nf6 4. Bb2 g6 5. g3 Bg7 6. Bg2 0-0 7. 0-0 c6 8. Nbd2 a5 9. a4 Na6 10. c3 Ne4 11. Qc2 Nxd2 12. Nxd2 e5 13. dxe5 dxe5 14. Ba3 Rf7 15. Nc4 Rd7 16. Rad1 e4 17. Rxd7 Bxd7 18. Rd1 b5 19. Ne3 b4 20. cxb4 axb4 21. Qc4+ Kh8 22. Bxb4 Nxb4 23. Qxb4 Qc8 24. Nc4 Be6 25. Nb6 Qb7 26. a5 Re8 27. e3 Bf8 28. Qc3+ Bg7 29. Qc2 Bf8 30. Bf1 Bb4 31. Bc4 Bxc4 32. Qxc4 1-0

[Event "BCF-ch"]
[Site "Blackpool"]
[Date "1988.??.??"]
[Round "?"]
[White "Jones, Andrew P"]
[Black "Gallagher, Joseph G"]
[Result "0-1"]
[WhiteElo "2260"]
[BlackElo "2445"]
[PlyCount "58"]
[EventDate "1988.08.??"]
[EventType "swiss"]
[EventRounds "11"]
[EventCountry "ENG"]
[SourceTitle "TD"]
[Source "ChessBase"]
[SourceDate "1994.03.01"]
[SourceVersion "1"]
[SourceVersionDate "1994.03.01"]
[SourceQuality "1"]

1. e4 c5 2. Nc3 Nc6 3. g3 g6 4. Bg2 Bg7 5. d3 d6 6. Be3 Rb8 7. Qd2 b5 8. Nge2 b4 9. Nd1 Nd4 10. 0-0 e6 11. Nc1 Ne7 12. c3 bxc3 13. bxc3 Ndc6 14. d4 cxd4 15. cxd4 0-0 16. Nb3 a5 17. Nc3 Rb4 18. Rfb1 a4 19. Nc1 Bxd4 20. Rxb4 Bxe3 21. Qxe3 Nxb4 22. Rb1 Qa5 23. Qd2 Nbc6 24. Rb5 Qa7 25. Qd1 a3 26. Rb3 Nd4 27. Rb4 Nec6 28. Ra4 Qc5 29. Nb1 Qxc1 0-1